Estadísticas para Países de Europa en 1 minuto

Haz click aquí para tomar la prueba!

Estadísticas generales

  • Esta prueba ha sido tomada 548 veces
  • La puntuación promedio es 26 de 45

Estadísticas de respuestas

HintRespuesta% Correcto
España
92%
Francia
87%
Portugal
82%
Alemania
78%
Suecia
78%
Italia
77%
Andorra
76%
Noruega
76%
Finlandia
73%
Irlanda
73%
Islandia
67%
Bélgica
65%
Rusia
65%
Estonia
64%
Reino Unido
64%
Suiza
64%
Letonia
63%
Lituania
62%
Polonia
58%
Grecia
57%
Mónaco
57%
Ucrania
56%
Austria
53%
Dinamarca
53%
Serbia
53%
San Marino
52%
Albania
51%
Bulgaria
51%
Croacia
51%
Luxemburgo
50%
Rumanía
49%
Ciudad del Vaticano
48%
Hungría
45%
Malta
44%
Kosovo
43%
Países Bajos
43%
Bosnia y Hezergovina
42%
Eslovaquia
42%
Eslovenia
42%
Bielorrusia
40%
Moldavia
38%
Montenegro
35%
Liechtenstein
34%
Macedonia
34%
República Checa
29%

Distribución de puntuación

Porcentaje por número respondido

Porcentaje de gente con cada puntuación

Historial de tus puntuaciones

No has tomado esta prueba